000 00640nam a2200205 a 4500
001 000010957
005 20240412074221.0
008 091013s2005 dr 000 0 spa d
020 _a9993493023
040 _aDO-SdBNP
_bspa
_cBNPHU
082 _aRD861.44
_bP592d
100 1 _aPichardo, José Adolfo,
_d1964-
_926369
245 1 0 _aDanza de fantasmas /
_cJosé Adolfo Pichardo.
260 _aSantiago de los Caballeros :
_bSociedarte,
_c2005.
300 _a80 p. ;
_c17 cm.
590 _aInventariado, 2018/LP
650 0 _aPoesía dominicana
_966
650 0 _aLiteratura dominicana.
_967
910 _aValidado. Control de calidad MMOLINA
999 _c10695
_d10695